[Event "1st 4NCL International Open"]
[Site "Telford"]
[Date "2018.11.02"]
[Round "3"]
[White "Zabrocki, Philip Am"]
[Black "Jukes, Sam"]
[Result "1-0"]
[WhiteElo "1952"]
[BlackElo "1863"]
[Annotator "NA"]
[PlyCount "73"]
[EventDate "2018.10.31"]
[EventType "swiss"]
[EventCountry "GBR"]
[SourceTitle "playchess.com"]
[Source "ChessBase"]
[SourceQuality "1"]
[TimeControl "5400+30"]

1. e4 {[%emt 0:00:00]} e5 {[%emt 0:00:00]} 2. f4 {[%emt 0:00:20]} exf4 {[%emt 0:00:01]} 3. Nf3 {[%emt 0:00:29]} Be7 {[%emt 0:00:27]} 4. Bc4 {[%emt 0:00:44]} Nf6 {[%emt 0:00:41]} 5. e5 {[%emt 0:05:48]} Ne4 {[%emt 0:01:21]} 6. O-O {[%emt 0:01:17]} d5 {[%emt 0:02:29]} 7. exd6 {[%emt 0:08:24]} Nxd6 {[%emt 0:02:18]} 8. Bb3 {[%emt 0:00:01]} c5 {[%emt 0:09:29]} 9. d3 {[%emt 0:05:39]} g5 {[%emt 0:01:45]} 10. Ne5 {[%emt 0:00:32]} Nd7 {[%emt 0:07:36]} 11. Qe2 {[%emt 0:10:46]} Nf6 {[%emt 0:04:50]} 12. Re1 {[%emt 0:06:30]} c4 {[%emt 0:05:01]} 13. Nxc4 {[%emt 0:06:37]} Nxc4 {[%emt 0:01:23]} 14. Bxc4 {[%emt 0:00:52]} Ng4 {[%emt 0:10:22]} 15. Kh1 {[%emt 0:04:09]} Qd6 {[%emt 0:04:15]} 16. b3 {[%emt 0:09:44]} Be6 {[%emt 0:18:53]} 17. Bxe6 {[%emt 0:05:12]} Qxe6 {[%emt 0:00:41]} 18. h3 {[%emt 0:08:27]} Qxe2 {[%emt 0:04:08]} 19. Rxe2 {[%emt 0:00:34]} Nh6 {[%emt 0:00:39]} 20. Ba3 {[%emt 0:01:06]} Nf5 {[%emt 0:00:34]} 21. Re5 {[%emt 0:00:17]} Nd4 {[%emt 0:02:16]} 22. Bxe7 {[%emt 0:02:49]} Nxc2 {[%emt 0:01:02]} 23. Bf6+ {[%emt 0:00:34]} Kd7 {[%emt 0:00:16]} 24. Bxh8 {[%emt 0:09:44]} Rxh8 {[%emt 0:04:06]} 25. Na3 {[%emt 0:01:49]} Nxa1 {[%emt 0:00:18]} 26. Re1 {[%emt 0:00:12]} Nxb3 {[%emt 0:00:05]} 27. axb3 {[%emt 0:00:01]} Rc8 {[%emt 0:01:31]} 28. Nc4 {[%emt 0:00:54]} f6 {[%emt 0:00:17]} 29. Nd2 {[%emt 0:01:39]} b6 {[%emt 0:03:14]} 30. Ne4 {[%emt 0:00:57]} Rc6 {[%emt 0:00:49]} 31. d4 {[%emt 0:00:25]} h6 {[%emt 0:02:40]} 32. d5 {[%emt 0:00:06]} Rc2 {[%emt 0:00:12]} 33. Nxf6+ {[%emt 0:00:12]} Kd8 {[%emt 0:01:47]} 34. d6 {[%emt 0:00:02]} Kc8 {[%emt 0:00:52]} 35. d7+ {[%emt 0:00:12]} Kc7 {[%emt 0:00:09]} 36. Re8 {[%emt 0:00:12]} Rd2 {[%emt 0:00:20]} 37. Rc8+ {[%emt 0:00:24]} 1-0

[Event "1st 4NCL International Open"]
[Site "Telford"]
[Date "2018.11.02"]
[Round "3"]
[White "Bennett, Dominic L"]
[Black "Wall, Tim P"]
[Result "0-1"]
[WhiteElo "1933"]
[BlackElo "2253"]
[Annotator "ChessBase"]
[PlyCount "152"]
[EventDate "2018.10.31"]
[EventType "swiss"]
[EventCountry "GBR"]
[SourceTitle "playchess.com"]
[Source "ChessBase"]
[SourceQuality "1"]
[TimeControl "5400+30"]

1. c4 {[%emt 0:00:00]} e5 {[%emt 0:05:59]} 2. e3 {[%emt 0:01:27]} Nf6 {[%emt 0:01:16]} 3. Nc3 {[%emt 0:01:56]} d6 {[%emt 0:00:46]} 4. Be2 {[%emt 0:01:29]} Be7 {[%emt 0:00:55]} 5. Qc2 {[%emt 0:00:17]} c6 {[%emt 0:01:20]} 6. d4 {[%emt 0:00:41]} O-O {[%emt 0:02:06]} 7. Nf3 {[%emt 0:01:29]} Qc7 {[%emt 0:04:59]} 8. O-O {[%emt 0:04:24]} Re8 {[%emt 0:01:55]} 9. b3 {[%emt 0:00:57]} Bf8 {[%emt 0:01:53]} 10. Bb2 {[%emt 0:01:50]} e4 {[%emt 0:01:03]} 11. Nd2 {[%emt 0:01:21]} d5 {[%emt 0:01:52]} 12. Rfc1 {[%emt 0:00:24]} Bd6 {[%emt 0:01:35]} 13. Nf1 {[%emt 0:03:07]} dxc4 {[%emt 0:11:03]} 14. bxc4 {[%emt 0:01:46]} Bf5 {[%emt 0:00:35]} 15. Qd1 {[%emt 0:06:26]} Qd8 {[%emt 0:05:17]} 16. Qb3 {[%emt 0:10:46]} Nbd7 {[%emt 0:05:29]} 17. Ba3 {[%emt 0:01:49]} Bxa3 {[%emt 0:04:41]} 18. Qxa3 {[%emt 0:00:44]} Nf8 {[%emt 0:00:08]} 19. Rab1 {[%emt 0:03:10]} Re7 {[%emt 0:05:24]} 20. Rb2 {[%emt 0:01:51]} h5 {[%emt 0:02:59]} 21. Rcb1 {[%emt 0:00:59]} b6 {[%emt 0:02:24]} 22. Rd2 {[%emt 0:02:05]} h4 {[%emt 0:02:33]} 23. Qa4 {[%emt 0:01:01]} Rc8 {[%emt 0:01:34]} 24. Qd1 {[%emt 0:02:44]} h3 {[%emt 0:01:22]} 25. Ng3 {[%emt 0:01:10]} Bd7 {[%emt 0:05:53]} 26. d5 {[%emt 0:12:10]} cxd5 {[%emt 0:02:21]} 27. Nxd5 {[%emt 0:00:34]} Nxd5 {[%emt 0:00:09]} 28. cxd5 {[%emt 0:02:01]} hxg2 {[%emt 0:01:14]} 29. Bg4 {[%emt 0:00:32]} Nh7 {[%emt 0:09:21]} 30. Rb4 {[%emt 0:02:07]} Ng5 {[%emt 0:02:54]} 31. Kxg2 {[%emt 0:03:28]} Rc1 {[%emt 0:01:51]} 32. Qe2 {[%emt 0:08:38]} Re1 {[%emt 0:01:11]} 33. Qxe1 {[%emt 0:00:51]} Bxg4 {[%emt 0:00:10]} 34. Qb1 {[%emt 0:01:07]} Bf3+ {[%emt 0:07:11]} 35. Kf1 {[%emt 0:02:09]} Qc8 {[%emt 0:01:15]} 36. d6 {[%emt 0:00:44]} Qh3+ {[%emt 0:00:16]} 37. Ke1 {[%emt 0:00:07]} Rd7 {[%emt 0:00:40]} 38. Rc4 {[%emt 0:03:24]} Qxh2 {[%emt 0:01:32]} 39. Rc8+ {[%emt 0:00:58]} Kh7 {[%emt 0:00:04]} 40. Qb5 {[%emt 0:00:16]} Qg1+ {[%emt 0:01:11]} 41. Qf1 {[%emt 0:02:43]} Qh2 {[%emt 0:00:57]} 42. Rd5 {[%emt 0:01:09]} Bg2 {[%emt 0:01:00]} 43. Rxg5 {[%emt 0:01:56]} Bxf1 {[%emt 0:00:24]} 44. Rh5+ {[%emt 0:00:54]} Qxh5 {[%emt 0:00:06]} 45. Nxh5 {[%emt 0:00:06]} Bb5 {[%emt 0:01:31]} 46. Rc7 {[%emt 0:00:52]} Rxd6 {[%emt 0:01:13]} 47. Rxa7 {[%emt 0:00:12]} Bd7 {[%emt 0:00:43]} 48. Ng3 {[%emt 0:00:54]} f5 {[%emt 0:00:32]} 49. Ne2 {[%emt 0:00:14]} Kh6 {[%emt 0:00:16]} 50. Nd4 {[%emt 0:00:16]} Kg6 {[%emt 0:00:14]} 51. a4 {[%emt 0:00:17]} Kf6 {[%emt 0:01:06]} 52. Kd2 {[%emt 0:00:21]} g5 {[%emt 0:00:30]} 53. Kc3 {[%emt 0:00:10]} f4 {[%emt 0:00:17]} 54. Kb4 {[%emt 0:00:26]} fxe3 {[%emt 0:00:42]} 55. fxe3 {[%emt 0:00:03]} g4 {[%emt 0:00:24]} 56. Rc7 {[%emt 0:00:35]} g3 {[%emt 0:00:18]} 57. Rc1 {[%emt 0:01:10]} Ke5 {[%emt 0:00:41]} 58. Rg1 {[%emt 0:00:24]} Rxd4+ {[%emt 0:00:46]} 59. exd4+ {[%emt 0:00:08]} Kf4 {[%emt 0:00:03]} 60. Rf1+ {[%emt 0:04:14]} Ke3 {[%emt 0:00:17]} 61. Rf7 {[%emt 0:00:37]} g2 {[%emt 0:00:52]} 62. Rg7 {[%emt 0:00:48]} Kf2 {[%emt 0:00:12]} 63. Rf7+ {[%emt 0:00:42]} Ke2 {[%emt 0:00:41]} 64. Rg7 {[%emt 0:00:12]} Kf3 {[%emt 0:00:46]} 65. Rf7+ {[%emt 0:00:36]} Kg3 {[%emt 0:00:05]} 66. Rxd7 {[%emt 0:00:08]} g1=Q {[%emt 0:00:05]} 67. Rg7+ {[%emt 0:00:06]} Kf2 {[%emt 0:00:03]} 68. Rxg1 {[%emt 0:00:05]} Kxg1 {[%emt 0:00:03]} 69. Kb5 {[%emt 0:01:48]} e3 {[%emt 0:00:09]} 70. Kxb6 {[%emt 0:00:38]} e2 {[%emt 0:00:06]} 71. a5 {[%emt 0:01:37]} e1=Q {[%emt 0:00:11]} 72. a6 {[%emt 0:00:24]} Qe4 {[%emt 0:02:44]} 73. Ka7 {[%emt 0:05:26]} Qc6 {[%emt 0:00:38]} 74. d5 {[%emt 0:00:23]} Qc7+ {[%emt 0:00:10]} 75. Ka8 {[%emt 0:00:05]} Qb6 {[%emt 0:00:04]} 76. a7 {[%emt 0:00:13]} Qc7 {[%emt 0:00:06]} 0-1

[Event "1st 4NCL International Open"]
[Site "Telford"]
[Date "2018.11.02"]
[Round "3"]
[White "Ther, Mate"]
[Black "Hill, Alistair"]
[Result "0-1"]
[WhiteElo "1759"]
[BlackElo "2203"]
[Annotator "ChessBase"]
[PlyCount "50"]
[EventDate "2018.10.31"]
[EventType "swiss"]
[EventCountry "GBR"]
[SourceTitle "playchess.com"]
[Source "ChessBase"]
[SourceQuality "1"]
[TimeControl "5400+30"]

1. e4 {[%emt 0:00:00]} c6 {[%emt 0:05:34]} 2. d4 {[%emt 0:00:00]} d5 {[%emt 0:00:03]} 3. exd5 {[%emt 0:00:00]} cxd5 {[%emt 0:00:04]} 4. Bd3 {[%emt 0:00:00]} Nc6 {[%emt 0:00:51]} 5. c3 {[%emt 0:00:00]} Nf6 {[%emt 0:00:17]} 6. Bf4 {[%emt 0:00:14]} g6 {[%emt 0:02:17]} 7. Ne2 {[%emt 0:00:06]} Bg7 {[%emt 0:00:08]} 8. h3 {[%emt 0:00:20]} O-O {[%emt 0:01:01]} 9. Nd2 {[%emt 0:00:12]} e5 {[%emt 0:15:40]} 10. dxe5 {[%emt 0:00:39]} Nh5 {[%emt 0:00:08]} 11. Bh2 {[%emt 0:00:30]} Nxe5 {[%emt 0:00:03]} 12. Bc2 {[%emt 0:00:42]} Qg5 {[%emt 0:02:11]} 13. g4 {[%emt 0:03:37]} Nxg4 {[%emt 0:06:27]} 14. hxg4 {[%emt 0:01:52]} Bxg4 {[%emt 0:00:02]} 15. Nf1 {[%emt 0:07:09]} Rfe8 {[%emt 0:05:58]} 16. Ne3 {[%emt 0:00:16]} Bf3 {[%emt 0:00:13]} 17. Rg1 {[%emt 0:04:55]} Qh4 {[%emt 0:00:06]} 18. Bg3 {[%emt 0:02:00]} Nxg3 {[%emt 0:00:07]} 19. Rxg3 {[%emt 0:00:47]} Rxe3 {[%emt 0:00:35]} 20. fxe3 {[%emt 0:05:40]} Bxe2 {[%emt 0:00:22]} 21. Kxe2 {[%emt 0:00:18]} Qxg3 {[%emt 0:00:03]} 22. Qxd5 {[%emt 0:00:17]} Qh2+ {[%emt 0:12:12]} 23. Kd3 {[%emt 0:00:24]} Qc7 {[%emt 0:00:07]} 24. Ke2 {[%emt 0:03:50]} Rd8 {[%emt 0:00:04]} 25. Qg2 {[%emt 0:00:36]} Qc4+ {[%emt 0:01:23]} 0-1

[Event "1st 4NCL International Open"]
[Site "Telford"]
[Date "2018.11.02"]
[Round "3"]
[White "Akeya-Price, Robert"]
[Black "Jamieson, Ian"]
[Result "1/2-1/2"]
[WhiteElo "1730"]
[BlackElo "1947"]
[Annotator "NA"]
[PlyCount "96"]
[EventDate "2018.10.31"]
[EventType "swiss"]
[EventCountry "GBR"]
[SourceTitle "playchess.com"]
[Source "ChessBase"]
[SourceQuality "1"]
[TimeControl "5400+30"]

1. d4 {[%emt 0:00:00]} e6 {[%emt 0:00:00]} 2. c4 {[%emt 0:00:00]} f5 {[%emt 0:00:17]} 3. Nf3 {[%emt 0:00:06]} Nf6 {[%emt 0:00:12]} 4. g3 {[%emt 0:00:20]} d5 {[%emt 0:00:54]} 5. Bg2 {[%emt 0:00:48]} c6 {[%emt 0:00:06]} 6. Qc2 {[%emt 0:00:38]} Bd6 {[%emt 0:02:49]} 7. O-O {[%emt 0:01:26]} O-O {[%emt 0:00:06]} 8. b3 {[%emt 0:00:59]} Qe7 {[%emt 0:00:12]} 9. Bb2 {[%emt 0:01:29]} Ne4 {[%emt 0:01:38]} 10. Ne5 {[%emt 0:02:38]} Nd7 {[%emt 0:01:28]} 11. f3 {[%emt 0:05:09]} Nxe5 {[%emt 0:01:05]} 12. fxe4 {[%emt 0:07:06]} Ng4 {[%emt 0:00:28]} 13. e5 {[%emt 0:01:03]} Bb4 {[%emt 0:00:49]} 14. Qd3 {[%emt 0:04:38]} Bd7 {[%emt 0:00:59]} 15. Nd2 {[%emt 0:01:37]} Nh6 {[%emt 0:02:39]} 16. Rac1 {[%emt 0:07:16]} Rac8 {[%emt 0:00:49]} 17. a3 {[%emt 0:03:03]} Ba5 {[%emt 0:00:01]} 18. b4 {[%emt 0:01:11]} Bd8 {[%emt 0:02:14]} 19. b5 {[%emt 0:03:59]} Qe8 {[%emt 0:02:33]} 20. a4 {[%emt 0:03:14]} g5 {[%emt 0:00:48]} 21. cxd5 {[%emt 0:02:32]} cxd5 {[%emt 0:05:28]} 22. Rxc8 {[%emt 0:01:50]} Bxc8 {[%emt 0:00:06]} 23. Rc1 {[%emt 0:00:54]} Bd7 {[%emt 0:00:53]} 24. Ba3 {[%emt 0:00:42]} Rf7 {[%emt 0:00:10]} 25. Bd6 {[%emt 0:01:37]} Kg7 {[%emt 0:02:08]} 26. Bb8 {[%emt 0:04:29]} Bb6 {[%emt 0:03:42]} 27. Bd6 {[%emt 0:01:41]} Bd8 {[%emt 0:00:30]} 28. Nb3 {[%emt 0:06:57]} Ng8 {[%emt 0:01:56]} 29. Nc5 {[%emt 0:01:23]} Bc8 {[%emt 0:01:51]} 30. Qc3 {[%emt 0:07:35]} Ne7 {[%emt 0:07:23]} 31. e3 {[%emt 0:07:57]} b6 {[%emt 0:00:43]} 32. Nd3 {[%emt 0:00:37]} Bb7 {[%emt 0:00:15]} 33. Nb4 {[%emt 0:00:44]} Nc8 {[%emt 0:01:38]} 34. Bb8 {[%emt 0:01:22]} g4 {[%emt 0:02:53]} 35. Nc6 {[%emt 0:00:44]} Bg5 {[%emt 0:02:09]} 36. Nxa7 {[%emt 0:02:31]} Nxa7 {[%emt 0:01:25]} 37. Bxa7 {[%emt 0:00:03]} Qa8 {[%emt 0:01:32]} 38. Bxb6 {[%emt 0:00:05]} Qxa4 {[%emt 0:00:05]} 39. Qd3 {[%emt 0:07:18]} h5 {[%emt 0:01:26]} 40. Kf2 {[%emt 0:03:48]} h4 {[%emt 0:01:43]} 41. Rc7 {[%emt 0:00:41]} Qa2+ {[%emt 0:02:27]} 42. Qe2 {[%emt 0:00:33]} Qb3 {[%emt 0:01:00]} 43. Rxf7+ {[%emt 0:01:32]} Kxf7 {[%emt 0:00:02]} 44. Bf1 {[%emt 0:02:02]} Bc8 {[%emt 0:00:44]} 45. Qd3 {[%emt 0:03:41]} Qb2+ {[%emt 0:00:17]} 46. Qe2 {[%emt 0:00:19]} Qb3 {[%emt 0:00:05]} 47. Qd3 {[%emt 0:01:31]} Qb2+ {[%emt 0:00:01]} 48. Qe2 {[%emt 0:00:08]} Qb3 {[%emt 0:00:05]} 1/2-1/2

[Event "1st 4NCL International Open"]
[Site "Telford"]
[Date "2018.11.02"]
[Round "4"]
[White "Korneev, Oleg"]
[Black "Pert, Richard G"]
[Result "1/2-1/2"]
[WhiteElo "2560"]
[BlackElo "2408"]
[Annotator "TA"]
[PlyCount "31"]
[EventDate "2018.10.31"]
[EventType "swiss"]
[EventCountry "GBR"]
[SourceTitle "playchess.com"]
[Source "ChessBase"]
[SourceQuality "1"]

{[%evp 16,31,17,13,23,12,22,28,26,20,17,17,29,18,45,0,-11,-16]} 1. e4 e6 2. d4 d5 3. Nd2 Be7 4. Ngf3 Nf6 5. e5 Nfd7 6. Be2 {C03: French Tarrasch: Unusual Black 3rd moves} c5 7. c3 Nc6 8. O-O O-O 9. Re1 {LiveBook: 5 Games} f6 10. exf6 Nxf6 11. Bd3 Qb6 {[%cal Rc5d4]} 12. Nf1 cxd4 13. cxd4 Bd7 {[#]} 14. a3 $146 a5 15. Ng3 ({White should play} 15. h3 $14) 15... Ng4 $11 16. Be3 1/2-1/2

[Event "1st 4NCL International Open"]
[Site "Telford"]
[Date "2018.11.02"]
[Round "4"]
[White "Gonda, Laszlo"]
[Black "Fodor, Tamas Jr."]
[Result "1/2-1/2"]
[WhiteElo "2528"]
[BlackElo "2520"]
[Annotator "TA"]
[PlyCount "29"]
[EventDate "2018.10.31"]
[EventType "swiss"]
[EventCountry "GBR"]
[SourceTitle "playchess.com"]
[Source "ChessBase"]
[SourceQuality "1"]

{[%evp 19,29,0,0,-7,-8,0,0,0,0,-12,2,0]} 1. d4 Nf6 2. c4 e6 3. Nc3 Bb4 4. e3 O-O 5. Nge2 d5 6. a3 Be7 7. cxd5 exd5 8. Nf4 c6 9. Bd3 Bd6 10. O-O Re8 {The position is equal.} 11. f3 {E46: Nimzo-Indian: Rubinstein: 4 e3 0-0 5 Ne2 without early Bd3} b6 (11... Na6 12. Bc2 Bxf4 13. exf4 Nc7 14. f5 b6 15. Bf4 Bb7 16. Qd2 Re7 17. g4 Nfe8 18. Rf2 f6 {1-0 (30) Bocharov,D (2560)-Anand,V (2803) Berlin 2015}) 12. Bd2 Ba6 13. Bxa6 Nxa6 14. Qa4 Nb8 15. Nce2 $146 ({Predecessor:} 15. Kh1 a5 16. Rae1 Qc7 17. g3 Nbd7 18. e4 dxe4 19. Nxe4 Nxe4 20. fxe4 Bxf4 21. Bxf4 {½-½ (69) Sinnett,G (2233)-Bolz,J (2273) ICCF email 2015}) 1/2-1/2

[Event "1st 4NCL International Open"]
[Site "Telford"]
[Date "2018.11.02"]
[Round "4"]
[White "Dgebuadze, Alexandre"]
[Black "Arkell, Keith C"]
[Result "1/2-1/2"]
[WhiteElo "2484"]
[BlackElo "2436"]
[Annotator "TA"]
[PlyCount "138"]
[EventDate "2018.10.31"]
[EventType "swiss"]
[EventCountry "GBR"]
[SourceTitle "playchess.com"]
[Source "ChessBase"]
[SourceQuality "1"]

{[%evp 15,138,22,15,5,32,19,24,21,46,40,40,40,40,42,48,30,39,16,33,23,47,23,30,27,39,0,75,60,75,-20,0,0,240,216,216,225,262,38,202,202,202,196,197,194,179,182,150,122,118,105,105,92,92,83,93,70,95,96,93,84,82,80,86,85,83,48,48,48,48,48,48,48,48,48,48,48,48,47,48,48,48,48,56,48,64,15,15,15,15,15,16,15,16,15,29,15,15,15,37,37,37,37,37,37,37,37,37,37,37,37,37,37,37,37,37,0,0,0,0,0,0,0,0,0,0]} 1. e4 c6 2. d4 d5 3. Nc3 dxe4 4. Nxe4 Nd7 {[%cal Bb8d7,Bd7f6,Bf6e4][%mdl 32]} 5. c3 Ngf6 6. Nxf6+ Nxf6 7. Bc4 Qc7 8. Ne2 e6 {LiveBook: 28 Games} 9. Bg5 {B17: Caro-Kann: Modern Line (4...Nd7)} Ne4 $146 ({Predecessor:} 9... Be7 10. Qd3 O-O 11. f4 c5 12. Bb3 b6 13. Bc2 g6 14. O-O Bb7 15. Qh3 Ba6 16. Bd3 Bxd3 17. Qxd3 {½-½ (17) Lau,R (2485)-Kallai,G (2440) Germany 1991}) 10. Bf4 Bd6 11. Bxd6 {White has an edge.} Qxd6 12. Ng3 Nf6 13. Nh5 Nxh5 14. Qxh5 O-O 15. Rd1 b5 16. Bb3 a5 17. O-O g6 18. Qh6 c5 19. Rfe1 Ra7 20. a3 b4 (20... c4 $11 21. Bc2 Bb7) 21. dxc5 $16 Qxc5 22. Rd4 (22. cxb4 $16 axb4 23. Re3) 22... bxa3 $11 23. Rh4 $1 $40 {[%csl Gh4][%cal Rh6h7][%mdl 128] White is up to no good.} Rd8 $2 (23... f6 $11 {and Black is okay.} 24. bxa3 Rb7) 24. Qxh7+ $18 Kf8 25. Qh6+ $1 Ke7 {[#]} 26. bxa3 $2 (26. Rf4 $1 $18 {aiming for Qg7.} Rf8 27. Qg7) 26... Qxc3 $2 (26... Rb7 $14 27. Rc4 Qh5 28. Qxh5 gxh5) 27. Qg5+ Qf6 28. Qc5+ Ke8 29. Ba4+ ({Resist} 29. Qxa7 $6 Qxh4 30. Qxa5 Kf8 $16) 29... Bd7 {[#]} 30. g3 $1 ({Don't do} 30. Qxa7 $6 Qxh4 31. Bxd7+ Rxd7 $16) 30... Rb7 31. Rf4 Qe7 32. Qxa5 {Hoping for Rh4.} Bxa4 33. Qxa4+ Kf8 34. Qe4 Kg8 35. Rh4 {Qe5 is the strong threat.} Rd5 36. Qe3 Rbd7 37. Qc3 {[%csl Gc3][%cal Rh4h8]} e5 38. a4 Qc5 39. Rc4 Qa5 40. Qc1 Rd4 {Strongly threatening ...Rxc4.} 41. Rxd4 Rxd4 42. Qe3 Rxa4 43. Qxe5 Qxe5 44. Rxe5 $14 {[%mdl 4096] Endgame KR-KR} Kg7 45. h4 Rb4 46. Re3 Ra4 47. Kg2 Rb4 48. Ra3 Rc4 49. Ra5 Rb4 50. h5 gxh5 51. Rxh5 Kg6 52. Ra5 Rc4 53. f3 Rc1 54. g4 Rb1 55. Kg3 Rb3 56. Ra6+ Kg7 57. g5 Rb1 58. Kg4 Rb4+ 59. f4 Rc4 60. Kf5 Rc5+ 61. Ke4 Rc4+ 62. Ke5 Rc5+ 63. Kd4 Rb5 64. Rd6 Ra5 65. Rd5 Rxd5+ {The position is equal.} 66. Kxd5 {Threatening mate with Kd6.} f6 67. Ke6 fxg5 68. fxg5 Kg6 69. Ke5 Kxg5 {Precision: White = 65%, Black = 61%.} 1/2-1/2

[Event "1st 4NCL International Open"]
[Site "Telford"]
[Date "2018.11.02"]
[Round "4"]
[White "Fernandez, Daniel Howard"]
[Black "Mihalik, Agoston"]
[Result "1-0"]
[WhiteElo "2461"]
[BlackElo "2223"]
[Annotator "TA"]
[PlyCount "91"]
[EventDate "2018.10.31"]
[EventType "swiss"]
[EventCountry "GBR"]
[SourceTitle "playchess.com"]
[Source "ChessBase"]
[SourceQuality "1"]

{[%evp 11,91,0,0,-22,2,-16,10,-10,26,0,22,0,17,1,0,0,2,7,14,9,18,0,0,0,17,17,23,13,35,15,34,42,62,61,70,6,16,0,0,0,0,0,0,0,177,175,176,177,174,158,163,165,167,166,190,188,189,167,186,197,333,332,312,312,415,393,662,626,643,512,599,636,737,820,974,944,950,1004,3804,4133,1884,1729]} 1. d4 Nf6 2. Nf3 d5 3. Bf4 c5 4. c3 Nc6 5. Nbd2 e6 6. e3 Bd6 7. Bb5 {D02: 1 d4 d5 2 Nf3 sidelines, including 2...Nf6 3 g3 and 2...Nf6 3 Bf4} (7. dxc5 Bxc5 8. Bd3 h6 9. Qe2 Nh5 10. Bg3 Nxg3 11. hxg3 Bd7 12. e4 dxe4 13. Nxe4 Be7 14. g4 Qc7 15. g5 O-O-O 16. gxh6 gxh6 {½-½ (101) Mamedyarov,S (2809)-Nakamura,H (2787) Moscow 2018}) 7... O-O 8. O-O Qc7 9. Bg3 $146 {The position is equal.} ({Predecessor:} 9. Bxd6 Qxd6 10. Qa4 Bd7 11. Qa3 b6 12. Nb3 Ne7 13. Ba6 Ne4 14. Ne5 Bc8 {½-½ (30) Sapis,W (2389)-Gierulski,K (2196) Jastrzebia Gora 2016}) 9... Ne7 10. Bd3 b6 (10... Bxg3 {seems wilder.} 11. hxg3 b6 12. e4 Nxe4 13. Nxe4 dxe4 14. Bxe4 Bb7) 11. e4 {[#] Strongly threatening e5.} (11. Bxd6 {is interesting.} Qxd6 12. e4 Nxe4 13. Nxe4 dxe4 14. Bxe4 Rb8 15. dxc5 Qxc5 16. Qe2) 11... Bxg3 12. hxg3 dxe4 13. Nxe4 Nxe4 14. Bxe4 Ba6 15. Bxa8 {Black must now prevent Be4.} Bxf1 16. Be4 Bc4 17. dxc5 bxc5 18. Qc2 g6 19. Rd1 Bd5 20. c4 Bc6 21. Qd3 Bxe4 22. Qxe4 Nc6 23. Ng5 ({Better is} 23. g4 $14) 23... Rd8 $11 24. Rxd8+ Qxd8 25. Qh4 h5 26. Qf4 $36 {[%mdl 2048] White is pushing.} Qe7 27. Ne4 Nd4 $2 (27... f5 $11 {and Black stays safe.}) 28. Qe5 $18 Nc6 29. Qxc5 Qxc5 30. Nxc5 {[%mdl 4096] Endgame KN-KN} Kf8 31. f3 Ke7 32. Kf2 f5 33. Nd3 e5 34. b4 {[%cal Bb2b4,Bb4b5][%mdl 32]} Ke6 35. b5 Nd4 (35... Na5 $142) 36. a4 Nb3 37. c5 {[%cal Bc4c5,Bc5c6][%mdl 32]} g5 38. c6 Kd6 $2 {[#]} (38... e4) 39. Nxe5 $1 {[%mdl 512] White is clearly winning.} Kc7 (39... Kxe5 40. c7) 40. Nd7 Nd4 41. Ke3 Ne6 42. f4 gxf4+ 43. gxf4 h4 44. Ne5 a6 45. bxa6 {Intending a7 and mate.} Kb6 46. Ng6 {Precision: White = 65%, Black = 44%.} 1-0

[Event "1st 4NCL International Open"]
[Site "Telford"]
[Date "2018.11.02"]
[Round "4"]
[White "Krishna C R G"]
[Black "Turner, Matthew J"]
[Result "1/2-1/2"]
[WhiteElo "2445"]
[BlackElo "2536"]
[Annotator "TA"]
[PlyCount "25"]
[EventDate "2018.10.31"]
[EventType "swiss"]
[EventCountry "GBR"]
[SourceTitle "playchess.com"]
[Source "ChessBase"]
[SourceQuality "1"]

{[%evp 18,25,58,16,23,0,0,-35,0,-14]} 1. Nf3 Nf6 {[%cal Bg8f6,Bf6d5,Bd5b6,Bb6d7][%mdl 32]} 2. c4 g6 3. g3 Bg7 4. Bg2 d5 5. cxd5 Nxd5 6. O-O Nc6 7. Nc3 Nb6 8. d3 O-O 9. Be3 h6 10. Rc1 e5 {A16: English Opening: 1...Nf6 with ...d5} 11. Ne4 Nd4 12. Rc5 $146 ({Predecessor:} 12. Nc5 c6 13. a4 Qe7 14. a5 Nd5 15. Bxd4 exd4 16. Nb3 Rd8 17. a6 Nb4 18. axb7 Bxb7 {0-1 (75) Kurnosov,I (2657)-Le,Q (2712) Khanty-Mansiysk 2013}) 12... Nd7 13. Rc4 1/2-1/2

[Event "1st 4NCL International Open"]
[Site "Telford"]
[Date "2018.11.02"]
[Round "4"]
[White "Haria, Ravi"]
[Black "Williams, Simon K"]
[Result "1/2-1/2"]
[WhiteElo "2436"]
[BlackElo "2457"]
[Annotator "TA"]
[PlyCount "50"]
[EventDate "2018.10.31"]
[EventType "swiss"]
[EventCountry "GBR"]
[SourceTitle "playchess.com"]
[Source "ChessBase"]
[SourceQuality "1"]

{[%evp 9,50,19,36,20,46,-2,14,13,30,33,93,-36,0,-44,-51,-46,0,-5,0,-23,23,18,46,0,0,0,0,0,4,0,14,7,8,0,0,0,0,0,24,30,29,18,17]} 1. Nf3 f5 2. d3 Nc6 3. e4 e5 4. d4 exd4 (4... fxe4 5. Nxe5 Qf6 6. f4 d6 7. Nxc6 bxc6 8. d5 Qg6 9. dxc6 Be7 10. g3 Bf6 11. Be2 Qf5 {½-½ (60) Wen,Y (2605)-Sandipan,C (2566) Sanya City 2017}) 5. Nxd4 Nf6 6. exf5 {C40: Latvian and Elephant Gambits} Bc5 $146 {[#] Threatens to win with ...Qe7+.} ({Predecessor:} 6... Nxd4 7. Qxd4 d5 8. Nc3 Bxf5 9. Bg5 Bxc2 10. Kd2 Bg6 11. Re1+ Kf7 {0-1 (50) Thorfinnsson,B (2459)-Kjartansson,G (2439) Kopavogur 2014}) 7. Be3 {And now Nxc6 would win.} Bxd4 8. Bxd4 O-O 9. Nc3 d5 ({Better is} 9... d6 $14) 10. Be2 ({Only move:} 10. Bxf6 $1 $16 Qxf6 11. Qxd5+ Kh8 12. g4) 10... Bxf5 11. Bc5 Re8 {[#] ...d4 is the strong threat.} 12. O-O a6 13. Bf3 {[%cal Rc3d5]} Re5 14. Re1 Be6 15. Qd2 Qd7 16. Bd4 (16. Be3 {keeps more tension.} Rd8 17. Bg5 Qf7 18. Ne2 h6 19. Bf4) 16... Rxe1+ $1 17. Rxe1 Nxd4 18. Qxd4 b6 19. h3 Rd8 20. b4 Bf7 21. a4 Qd6 22. b5 axb5 23. axb5 c5 24. bxc6 $1 Qxc6 25. Rd1 Rc8 {Precision: White = 30%, Black = 25%.} 1/2-1/2